000 00545nam a22001817a 4500
003 CEME
005 20210628203639.0
008 210318b xxu||||| |||| 00| 0 eng d
020 _a0-7506-9059-3
040 _c.
082 _a621.384131 DYE'R
100 _aDye, Norna
_966689
245 _aRadio frequency transistors , principles and practical application
260 _aBOSTON
_bBUTTERWORTH HEINMANN
_c1993
300 _aVIII,235P
650 _aPOWER TRANSISTORS TRANSISTOR AMPLIFIERS AMPLIFIERS RADIO FREQUENCY
_966690
942 _cBK
_2ddc
999 _c574618
_d574618